Aaru Satyajit (Record no. 6616)

MARC details
000 -LEADER
fixed length control field 00494cam a2200205ua 4500
008 - FIXED-LENGTH DATA ELEMENTS--GENERAL INFORMATION
fixed length control field 141211n ii |||gr||||Z||||||ben
020 ## - INTERNATIONAL STANDARD BOOK NUMBER
International Standard Book Number 8172150520
040 ## - CATALOGING SOURCE
Transcribing agency MAIN
041 ## - LANGUAGE CODE
-- ben
082 ## - DEWEY DECIMAL CLASSIFICATION NUMBER
Classification number 891.443
100 ## - MAIN ENTRY--PERSONAL NAME
Personal name Rai, S.,
Relator term
245 1# - TITLE STATEMENT
Title Aaru Satyajit
Statement of responsibility, etc. Edited by Satyajit Rai
250 ## - EDITION STATEMENT
Edition statement 2nd.
260 ## - PUBLICATION, DISTRIBUTION, ETC.
Place of publication, distribution, etc. Calcutta:
Name of publisher, distributor, etc. Aananda,
Date of publication, distribution, etc. 1993.
300 ## - PHYSICAL DESCRIPTION
Extent 572p.
942 ## - ADDED ENTRY ELEMENTS (KOHA)
Koha item type Books
653 ## - INDEX TERM--UNCONTROLLED
Uncontrolled term East Indo-European & Celtic literatures
653 ## - INDEX TERM--UNCONTROLLED
Uncontrolled term Bengali stories
Holdings
Withdrawn status Lost status Damaged status Not for loan Home library Current library Shelving location Date acquired Total Checkouts Full call number Barcode Date last seen Copy number Price effective from Koha item type
        Naharkatiya College Central Library Naharkatiya College Central Library General Stacks 19/09/2020   891.443 | AAR 12677 19/09/2020 1 19/09/2020 Books

Naharkatiya College © 2020. All rights reserved.

Powered By